| 000 | 00499cam a2200181 a 4500 | ||
|---|---|---|---|
| 001 | 000018344 | ||
| 003 | UkOxU | ||
| 005 | 20200929165450.0 | ||
| 008 | 880808s1969 fr 000 1 fre d | ||
| 040 |
_aDO-SdBNP _bfre _cLC _dBNPHU |
||
| 082 |
_aD0400333059 _bC514a |
||
| 100 | 1 |
_aChedid, Andrée, _d1920- _939735 |
|
| 245 | 1 | 2 |
_aL'autre : _broman / _cAndrée Chedid. |
| 260 |
_a[Paris] : _bFlammarion, _c1969. |
||
| 300 |
_a212 p. ; _c20 cm. |
||
| 910 | _aCatalogación derivada /Oxford | ||
| 049 | _aBNGR | ||
| 999 |
_c17865 _d17865 |
||